| 000 | 00353 a2200097 4500 | ||
|---|---|---|---|
| 082 | _a624.17 KHA | ||
| 100 | _aKhaliq, Wasim | ||
| 245 |
_aEffects of Support Conditions on Structural Response Under Dynamic Loading [MS Thesis] / _cWasim Khalid |
||
| 260 |
_aRisalpur : _bNational Institute of Transportation, _c2006 |
||
| 300 |
_axiii,65p. : _bill. ; _c30 cm |
||
| 650 | _aStructural Analysis | ||
| 999 |
_c2267 _d2267 |
||